000 00942nam a22002777a 4500
003 DO-SdBPM
005 20250310070055.0
008 170117b2007 ag| | 00| 0 spa d
020 _a9789870407522
040 _a DO-SdBPM
_bspa
_cBPMSU
082 4 _a813.5
_b S474d 2007
_222
100 1 _aSendak , Maurice
_d1928-2012
240 1 0 _aWhere the wild things are.
_lEspañol
245 1 0 _aDonde viven los monstruos /
_ctexto e ilustraciones de Maurice Sendak ; traducción
260 _aBuenos Aires :
_bAfaguara ,
_c2007.
300 _a [40] p. :
_bil. ;
_c24 cm.
490 0 _aAlfaguara Infantil
590 _aInventariado, 2025/VM
650 4 _aCuentos infantiles estadounidenses |
650 4 _a Monstruos
_vCuentos infantiles
650 4 _aLibros infantiles para niños
700 1 _a Gervás, Agustín
_eilustración
700 1 2 _aGervás, Agustín,
_etr.
910 _aVMateo V. Control de calidad. BPMSU
942 _2ddc
_cBK
999 _c12498
_d12498